| 000 | 00476nam a22001577a 4500 | ||
|---|---|---|---|
| 003 | SISC | ||
| 005 | 20170110101954.0 | ||
| 008 | 150930b xxu||||| |||| 00| 0 eng d | ||
| 020 | _a9786218002128 | ||
| 050 |
_aBF 575 _b.Sa175 2015 |
||
| 100 | _aSalonga, C.C. | ||
| 245 |
_aChoose to be happy : _b100 happiness habits of happy people / _cC.C. Salonga. |
||
| 260 |
_aManila : _bEresbooks Publishing, Inc., _c2015. |
||
| 300 |
_aviii, 232 pages ; _c23 cm. |
||
| 942 |
_2lcc _cBK _kLOC |
||
| 999 |
_c288781 _d288781 |
||